000 00596nam a2200193Ia 4500
005 20250326143614.0
008 250326s9999 xx 000 0 und d
020 _a0-8144-0638-6
037 _aTextbook
040 _aFMSL
_beng
_cFMSL
041 _aeng
_2eng
084 _aX:74 P1
_qFMSL
100 _aRugman A
_9747208
245 0 _aEnd of globalization : why global stategy is a myth and how to proift from the realities of regional markets
_cRugman A
260 _aNew York
_bNew York, AMACOM
_c2001
300 _axvi,237
942 _cTB
_hX:74 P1
999 _c1300244
_d1300244